Caricamento...
New commodities and consumer behaviour /
| Autore principale: | |
|---|---|
| Natura: | Printed Book |
| Lingua: | English |
| Pubblicazione: |
London :
CUP.
1972.
|
| Edizione: | 1st ed. |
| LEADER | 00507nam a22001577a 4500 | ||
|---|---|---|---|
| 008 | 161122b xxu||||| |||| 00| 0 eng d | ||
| 999 | |c 161417 |d 161417 | ||
| 020 | |a 0521083370 | ||
| 082 | |a 658.8342 | ||
| 100 | |a Ironmonger, D. S. | ||
| 245 | |a New commodities and consumer behaviour / | ||
| 250 | |a 1st ed. | ||
| 260 | |b CUP. |c 1972. |a London : | ||
| 300 | |a 200 p. | ||
| 942 | |c BK | ||
| 952 | |0 0 |1 0 |4 0 |6 658_834200000000000_IRO_N |7 0 |9 176765 |a CMS |b CMS |c ST1 |d 2016-11-22 |i 136 |l 0 |o 658.8342 IRO/N |p CMS136 |r 2016-11-22 |w 2016-11-22 |y BK | ||